[Event "KNSB TCh-NED 2007-8"]
[Site "Netherlands NED"]
[Date "2007.12.15"]
[Round "5"]
[White "Fridman,R"]
[Black "Van Wely,L"]
[Result "1/2-1/2"]
[WhiteElo "2424"]
[BlackElo "2679"]

1.Nf3 d5 2.g3 Bg4 3.Bg2 Nd7 4.d4 e6 5.O-O c6 6.Bf4 Be7 7.Ne5 Nxe5 8.Bxe5 Nf6
9.Nd2 O-O 10.h3 Bh5 11.Bxf6 Bxf6 12.c3 Qb6 13.g4 Bg6 14.Qb3 c5 15.Qxb6 axb6
16.e3 h5 17.f4 Bd3 18.Rfc1 hxg4 19.hxg4 g5 20.Nf3 gxf4 21.exf4 Be2 22.g5 Bg7
23.dxc5 bxc5 24.Kf2 Bd3 25.Rd1 Bh7 26.Kg3 b5 27.a3 b4 28.axb4 cxb4 29.Nd4 Rxa1
30.Rxa1 Bxd4 31.cxd4 Rc8 32.Bh3 Rc4 33.f5 exf5 34.Rf1 Rxd4 35.Bxf5 Bxf5 36.Rxf5 Kg7
37.Kf3 Rd2 38.Ke3 Rxb2 39.Rxd5 b3 40.Rb5 Rh2 41.Kf3 b2 42.Rb8 Rc2 43.Kg4 Kg6
44.Rb6+  1/2-1/2

[Event "15th Salona"]
[Site "Solin CRO"]
[Date "2007.12.15"]
[Round "9"]
[White "Dizdarevic,E"]
[Black "Saric,A"]
[Result "1-0"]
[WhiteElo "2504"]
[BlackElo "2441"]

1.Nf3 d5 2.g3 g6 3.d4 Bg7 4.Bg2 Nh6 5.Nbd2 Nf5 6.c3 Nd6 7.O-O Nd7 8.Re1 Nf6
9.c4 c6 10.b3 Nfe4 11.Bb2 O-O 12.Rc1 Nxd2 13.Nxd2 dxc4 14.Nxc4 Nxc4 15.Rxc4 Be6
16.Rc5 a5 17.e3 Qb6 18.Bc3 a4 19.bxa4 Bxa2 20.Qc2 Be6 21.Rb1 Qa7 22.Ra5 Qb8
23.Rxa8 Qxa8 24.a5 Re8 25.Rb6 Bc4 26.Qb2 Ba6 27.Bf1 Rd8 28.Bxa6 bxa6 29.Bb4 e5
30.Be7 Rc8 31.dxe5 c5 32.Bxc5 Qd5 33.Bd4 h5 34.e6 fxe6 35.Bxg7 Qd1+ 36.Kg2 Qd5+
37.f3 Qd3 38.Rb8 Rxb8 39.Qxb8+ Kxg7 40.Qe5+ Kh7 41.Kh3 Qf1+ 42.Kh4 Qxf3 43.Kg5 Qf8
44.Qc7+ Kh8 45.Qf4 Qe8 46.Qf6+ Kh7 47.e4 Qb5+ 48.e5 Qe8 49.h3 h4 50.gxh4 Qc6
51.Qe7+ Kh8 52.Kh6 Qc1+ 53.Qg5 Qc7 54.Qf6+ Kg8 55.Qxe6+  1-0

[Event "7th Amplico AIG Life"]
[Site "Warsaw POL"]
[Date "2007.12.15"]
[Round "4"]
[White "Urban,K"]
[Black "Frolik,M"]
[Result "1/2-1/2"]
[WhiteElo "2489"]
[BlackElo "2249"]

1.Nf3 d5 2.g3 c5 3.Bg2 Nf6 4.O-O Nc6 5.d4 e6 6.c4 Be7 7.dxc5 Bxc5 8.a3 a6
9.b4 Ba7 10.Bb2 O-O 11.Nbd2 Ne4 12.Rc1 Re8 13.e3 Nxd2 14.Nxd2 d4 15.exd4 Bxd4
16.Bxd4 Nxd4 17.c5 Nc6 18.Nc4 Qc7 19.Nb6 Rb8 20.Qd6 Qxd6 21.cxd6 Rd8 22.Rfd1 Bd7
23.Nxd7 Rxd7 24.Bxc6 bxc6 25.Rxc6 Ra8 26.Rdc1 g6 27.Rc8+ Rxc8 28.Rxc8+ Kg7
29.Rc6 Ra7 30.f4 Kf6 31.Kf2 e5 32.Rc7 Ra8 33.d7 Rd8 34.Ra7 Kf5 35.Kf3 h5
36.h3 exf4 37.gxf4 f6 38.h4 g5 39.fxg5 fxg5 40.Rxa6 g4+ 41.Ke3 Rxd7 42.Ra5+ Kg6
43.Rg5+ Kh6 44.a4 Rd1 45.a5 Rb1 46.Rb5 Rb3+ 47.Kf4 g3 48.Rb6+ Kh7 49.Rb7+ Kh6
50.Rb6+ Kh7 51.Rb5 Kh6 52.Rb6+ Kh7 53.Rb7+ Kh6 54.Rb6+ Kh7 55.Rb5 Kh6 56.Rb6+ Kh7
57.Rb5 Kh6 58.Rb6+ Kh7 59.Rb7+ Kh6 60.Rb6+ Kh7 61.Rb5 Kh6 62.Rg5 Rxb4+ 63.Kxg3 Ra4
64.Rb5 Kg6 65.Rb6+ Kf5 66.Rb5+ Kg6 67.Rb6+ Kf5 68.Rb5+ Kg6 69.Rg5+ Kh6 70.Kh3 Ra3+
71.Kg2 Ra2+ 72.Kf3 Ra3+ 73.Kg2 Ra2+ 74.Kg3 Ra3+ 75.Kg2 Ra2+ 76.Kf3 Ra3+ 77.Kg2 Ra2+
78.Kg3 Ra3+ 79.Kg2 Ra2+ 80.Kf3 Ra3+ 81.Kg2 Ra2+  1/2-1/2

[Event "7th Amplico AIG Life"]
[Site "Warsaw POL"]
[Date "2007.12.15"]
[Round "4"]
[White "Kupczyk,E"]
[Black "Dziuba,M"]
[Result "0-1"]
[WhiteElo "2107"]
[BlackElo "2538"]

1.Nf3 d5 2.g3 c6 3.Bg2 Bg4 4.d4 Nd7 5.O-O Ngf6 6.c4 e6 7.Nc3 dxc4 8.Qc2 Be7
9.Bf4 O-O 10.e4 b5 11.a4 a6 12.Rfd1 Qb6 13.d5 cxd5 14.exd5 e5 15.Be3 Bc5
16.Bxc5 Nxc5 17.Rd2 Nb3 18.Re1 Nxd2 19.Qxd2 Bxf3 20.Bxf3 Rfe8 21.Qg5 h6 22.Qf5 g6
23.Qc2 Rad8 24.axb5 axb5 25.g4 e4 26.Nxe4 Nxe4 27.Bxe4 Rxd5 28.Re3 Rde5 29.Kg2 Qd4  0-1

[Event "7th Amplico AIG Life Final"]
[Site "Warsaw POL"]
[Date "2007.12.16"]
[Round "1"]
[White "Markowski,T"]
[Black "Aleksandrov,A"]
[Result "0-1"]
[WhiteElo "2584"]
[BlackElo "2614"]

1.g3 d5 2.Nf3 g6 3.c4 e6 4.Bg2 Bg7 5.O-O Nc6 6.d4 Nge7 7.Nc3 O-O 8.e3 b6
9.cxd5 exd5 10.b3 Re8 11.Bb2 Ba6 12.Re1 Nb4 13.Ba3 c5 14.Bxb4 cxb4 15.Ne2 Qd6
16.Qd2 Bb5 17.Rac1 a5 18.Nf4 a4 19.Ne5 axb3 20.axb3 Ra3 21.Rb1 Rc8 22.Ned3 Rc3
23.Nc1 Bd7 24.Nfe2 Bf5 25.Rb2 Qc7 26.Na2 Rcxb3 27.Nxb4 Qd6 28.Rc1 h5 29.Nf4 Be4
30.Bxe4 dxe4 31.Rcb1 Rxb2 32.Qxb2 Ra5 33.Qc2 Rb5 34.Qc4 Qd7 35.Ra1 Ra5 36.Rxa5 bxa5
37.Na6 Qg4 38.Qa4 g5 39.Ng2 h4 40.gxh4 gxh4 41.h3 Qxh3 42.Nc5 Ng6 43.Qe8+ Bf8
44.Qxe4 Bd6 45.Nb7 Qh2+ 46.Kf1 Be7 47.Ne1 Qc7 48.Kg2 a4 49.Qd5 a3 50.Nc5 Qc8
51.Qd7 Qxd7 52.Nxd7 a2 53.Nc2 Bb4 54.Nc5 Bc3 55.Nb3 f5 56.Kh3 Kf7 57.f3 Kf6
58.Nba1 Kg5 59.Nb3 Nf8 60.Nba1 Nd7 61.Nb3 Nf6 62.Nc5 Nd5 63.Nb3 Nb4 64.Nxb4 Bxb4
65.d5 Bc3 66.e4 f4 67.d6 a1=Q 68.Nxa1 Bxa1 69.d7 Bf6 70.Kg2 Be7 71.Kh3 Bd8
72.Kg2 Kf6 73.Kh3 Ke5 74.Kg4 Be7 75.Kh3 Bf6 76.Kg4 Bd8 77.Kh3 Kd4 78.Kg4 Ke3
79.e5 h3  0-1

[Event "7th Amplico AIG Life Gp3"]
[Site "Warsaw POL"]
[Date "2007.12.16"]
[Round "1"]
[White "Markowski,T"]
[Black "Przybylski,W"]
[Result "1/2-1/2"]
[WhiteElo "2584"]
[BlackElo "2395"]

1.g3 d5 2.Nf3 c6 3.Bg2 Nf6 4.O-O Bg4 5.d3 Nbd7 6.h3 Bxf3 7.Bxf3 e6 8.Bg2 Bc5
9.Nd2 O-O 10.e3 a5 11.a3 a4 12.b4 axb3 13.cxb3 Qe7 14.a4 Ra6 15.Bb2 Bb4 16.Nf3 Rfa8
17.Qc2 Qc5 18.Qe2 b5 19.Rac1 Qb6 20.Nd4 bxa4 21.Rxc6 Qb7 22.Rxa6 Rxa6 23.bxa4 Rxa4
24.Qc2 Ra8 25.Rc1 Bd6 26.Ba1 h6 27.Rb1 Qc8 28.Qxc8+ Rxc8 29.Nf3 Kf8 30.Bf1 Ke7
31.Be2 Rb8 32.Rxb8 Bxb8 33.Bc3 Bd6 34.Nd4 Kf8 35.Nb5 Be7 36.f4 Ne8 37.Kf2 Nd6
38.Nd4 Nc8 39.Bd1 g6 40.Ke2 h5 41.Bc2 Bd6 42.Nb5 Bc5 43.e4 dxe4 44.dxe4 Ne7
45.Bb3 Nc6 46.Kf3 Bb4 47.Bb2 Nc5 48.Bc2 Nd7 49.e5 Ne7 50.Nd4 Nb6 51.Bb3 Nbd5
52.Nb5 Bc5 53.Ke4 Bf2 54.Kf3 Bc5 55.Bc1 Bb4 56.g4 hxg4+ 57.hxg4 Nb6 58.Ke4 Nd7
59.Bc4 Nb6 60.Bb3 Nd7 61.Kf3 Nc5 62.Bc4 Nd7 63.Bb2 Nb6 64.Bb3 Nd7 65.Bd4 Nc6
66.g5  1/2-1/2

[Event "7th Amplico AIG Life"]
[Site "Warsaw POL"]
[Date "2007.12.16"]
[Round "10"]
[White "Urban,K"]
[Black "Matras,A"]
[Result "1-0"]
[WhiteElo "2489"]
[BlackElo "2233"]

1.Nf3 d5 2.g3 Nf6 3.Bg2 c6 4.O-O Bf5 5.c4 e6 6.cxd5 exd5 7.d3 Bd6 8.Nc3 O-O
9.Nd4 Bg6 10.e4 dxe4 11.dxe4 Bc5 12.Be3 Nbd7 13.f3 Qe7 14.Na4 Bd6 15.Re1 Rfe8
16.Kh1 Rad8 17.Qc2 Nb6 18.Nxb6 axb6 19.Rad1 Bb4 20.Rf1 h5 21.a3 Bd6 22.Bg5 Be5
23.Ne2 Qc5 24.Qxc5 bxc5 25.b3 b5 26.Be3 c4 27.bxc4 bxc4 28.Rc1 Rd3 29.Bf4 Rxa3
30.Rxc4 Ra2 31.Nc1 Ra6 32.Bxe5 Rxe5 33.Nd3 Rb5 34.Rfc1 Ra3 35.Bf1 Kh7 36.Kg1 Rbb3
37.Ne5 h4 38.g4 Rb2 39.R4c2 Rxc2 40.Rxc2 Ra1 41.Kf2 c5 42.Bd3 Rh1 43.Ke3 Re1+
44.Kf2 Rh1 45.Kg2 Rd1 46.Kh3 c4 47.Be2 Re1 48.Bxc4 Re3 49.Kxh4 Bxe4 50.fxe4 Nxe4
51.Nxf7 Kg6 52.Ba2 Nf6 53.Nd6 Ra3 54.Bf7+ Kh7 55.g5 Ra4+ 56.Rc4 Rxc4+ 57.Bxc4 Nd7
58.Bd3+ Kg8 59.Kg3 Ne5 60.Be4 Kf8 61.Kf4 Nd7 62.Bd5 Nc5 63.Bc4 Ke7 64.Nf5+ Kf8
65.h4 Nd7 66.h5 Nb6 67.Bb3 Nd7 68.Nh4 Nc5 69.Bc4 Nd7 70.Nf3 Ke7 71.Kf5 Nf8
72.Ne5 Ke8 73.Bb5+ Ke7 74.Ng6+ Kf7 75.Bc4+ Ke8 76.Nxf8 Kxf8 77.Ke4  1-0

[Event "3rd ch-BIH"]
[Site "Sarajevo BIH"]
[Date "2007.12.18"]
[Round "1"]
[White "Vukic,M"]
[Black "Nikolic,Pr"]
[Result "1/2-1/2"]
[WhiteElo "2474"]
[BlackElo "2657"]

1.Nf3 d5 2.g3 c5 3.Bg2 Nc6 4.c4 d4 5.d3 g6 6.O-O Bg7 7.Na3 Nf6 8.Nc2 a5 9.b3 O-O
10.a3 e5 11.Rb1 Re8 12.b4 axb4 13.axb4 Nd7 14.Ng5 Qc7 15.Bd2 Ra7 16.Bd5 Nd8
17.Ra1 Rxa1 18.Qxa1 Nf6 19.Bg2 b6 20.bxc5 bxc5 21.Na3 Bf5 22.Nb5 Qd7 23.f3 h6
24.Ne4 Nxe4 25.fxe4 Bg4 26.Bf3 h5 27.Qa7 Qxa7 28.Nxa7 Ne6 29.Ra1 Ra8 30.Ra5 Bf6
31.Nb5 Rxa5 32.Bxa5 Bd8 33.Bd2 Kg7 34.Kg2 Nf8 35.Bxg4 hxg4 36.h3 gxh3+ 37.Kxh3 Kf6
38.Kg4 Ke6 39.Kf3 Nh7 40.g4 Kd7 41.Na3 Nf8 42.g5 Ne6 43.Kg4 Bb6 44.Nc2 Nd8
45.Na1 Ne6  1/2-1/2

[Event "4th SICC Masters"]
[Site "Singapore SIN"]
[Date "2007.12.18"]
[Round "3"]
[White "Zhang Zhong"]
[Black "Lim Yee Weng"]
[Result "1-0"]
[WhiteElo "2634"]
[BlackElo "2336"]

1.Nf3 d5 2.g3 Nf6 3.Bg2 Bf5 4.O-O e6 5.d3 Be7 6.c4 c6 7.cxd5 exd5 8.Nd4 Bg6
9.Nc3 O-O 10.e4 Bh5 11.Qb3 Bc5 12.Nf5 Bb6 13.exd5 cxd5 14.Nxd5 Nxd5 15.Qxd5 Qxd5
16.Ne7+ Kh8 17.Nxd5 Nc6 18.Nxb6 axb6 19.Be3 b5 20.Rfc1 Rfd8 21.Rc5 Be2 22.Rxb5 Rxd3
23.Rxb7 Ne5 24.Be4 h5 25.Re7  1-0

[Event "Harmonie Open A"]
[Site "Groningen NED"]
[Date "2007.12.21"]
[Round "1"]
[White "Heemskerk,W"]
[Black "Skatchkov,P"]
[Result "1-0"]
[WhiteElo "2233"]
[BlackElo "2509"]

1.Nf3 d5 2.g3 Nf6 3.Bg2 c6 4.O-O Bf5 5.b3 e6 6.Bb2 Nbd7 7.d3 Be7 8.Nbd2 O-O
9.c4 h6 10.Qc2 Qa5 11.a3 Rac8 12.b4 Qa6 13.Qb3 Rfe8 14.Rfe1 Bg6 15.e4 dxe4
16.dxe4 Red8 17.Bf1 Qb6 18.e5 Ne8 19.c5 Qc7 20.Nc4 b6 21.cxb6 Nxb6 22.Rac1 c5
23.b5 Nd5 24.Bc3 Nxc3 25.Qxc3 Bh5 26.Nfd2 Bg5 27.f4 Be7 28.Ne4 Bf8 29.Na5 Qb6
30.Bc4 Nc7 31.Nc6 Rd7 32.Nd6 Ra8 33.a4 Nd5 34.a5 Qc7 35.Bxd5 exd5 36.Qxc5 Bxd6
37.exd6 Qxd6 38.Qxd6 Rxd6 39.Re5 Bf3 40.Nd4 Bg4 41.Rc7  1-0

[Event "Harmonie Open A"]
[Site "Groningen NED"]
[Date "2007.12.22"]
[Round "2"]
[White "Hartoch,R"]
[Black "Jellema,Y"]
[Result "1/2-1/2"]
[WhiteElo "2232"]
[BlackElo "2119"]

1.Nf3 d5 2.g3 Bg4 3.Bg2 Nd7 4.c4 dxc4 5.Na3 Ngf6 6.Nxc4 e6 7.Nfe5 Nxe5 8.Nxe5 c6
9.Nxg4 Nxg4 10.O-O h5 11.d4 Bd6 12.e4 e5 13.h3 Nf6 14.Be3 h4 15.g4 Nh7 16.dxe5 Bxe5
17.Qb3 Qe7 18.f4 Bd6 19.Kh1 O-O 20.e5 Bb4 21.Rad1 Rfe8 22.Rd3 Nf8 23.Rfd1  1/2-1/2

[Event "Magistral"]
[Site "Pamplona ESP"]
[Date "2007.12.23"]
[Round "2"]
[White "Movsesian,S"]
[Black "Beliavsky,A"]
[Result "1/2-1/2"]
[WhiteElo "2670"]
[BlackElo "2646"]

1.g3 d5 2.Nf3 c6 3.Bg2 Nf6 4.O-O Bg4 5.d3 Nbd7 6.h3 Bxf3 7.Bxf3 g6 8.Bg2 Bg7
9.e4 O-O 10.Qe2 e5 11.Nd2 Nc5 12.Nb3 Ne6 13.c3 Re8 14.a4 h5 15.h4 Qb6 16.Qc2 Rad8
17.a5 Qc7 18.Bh3 c5 19.Bxe6 Rxe6 20.c4 d4 21.Nd2  1/2-1/2

[Event "3rd ch-BIH"]
[Site "Sarajevo BIH"]
[Date "2007.12.24"]
[Round "7"]
[White "Vukic,M"]
[Black "Dumpor,A"]
[Result "1/2-1/2"]
[WhiteElo "2474"]
[BlackElo "2399"]

1.Nf3 d5 2.g3 g6 3.Bg2 Bg7 4.d4 Nf6 5.O-O O-O 6.Nbd2 c5 7.dxc5 Nc6 8.c3 e5
9.Nb3 a5 10.a4 h6 11.Ne1 Qe7 12.Nd3 g5 13.f3 Bf5 14.Nf2  1/2-1/2

[Event "Magistral"]
[Site "Pamplona ESP"]
[Date "2007.12.26"]
[Round "5"]
[White "Movsesian,S"]
[Black "Vallejo Pons,F"]
[Result "1/2-1/2"]
[WhiteElo "2670"]
[BlackElo "2660"]

1.g3 d5 2.Nf3 g6 3.Bg2 Bg7 4.O-O e5 5.d3 Ne7 6.e4 O-O 7.Nbd2 Nbc6 8.Re1 h6
9.exd5 Nxd5 10.Nc4 Re8 11.Bd2 a5 12.a4 Bf5 13.Qc1 Kh7 14.h3 f6 15.Kh2 Qd7
16.Qd1 Be6 17.Qe2 Bf5 18.Nh4 Be6 19.Nf3 Bf5 20.Nh4 Be6  1/2-1/2

[Event "3rd ch-BIH"]
[Site "Sarajevo BIH"]
[Date "2007.12.26"]
[Round "9"]
[White "Vukic,M"]
[Black "Saric,Ib"]
[Result "1/2-1/2"]
[WhiteElo "2474"]
[BlackElo "2541"]

1.Nf3 d5 2.g3 c6 3.Bg2 Nf6 4.b3 Bg4 5.Bb2 Nbd7 6.O-O e6 7.c4 Be7 8.d4 O-O
9.Nc3 h6 10.Re1 Bf5 11.Nd2 Bh7 12.e4 dxe4 13.Ndxe4 Nxe4 14.Bxe4 Bxe4 15.Nxe4 Nf6  1/2-1/2

[Event "North American Open"]
[Site "Las Vegas USA"]
[Date "2007.12.27"]
[Round "3"]
[White "Mezentsev,V"]
[Black "Shulman,Y"]
[Result "0-1"]
[WhiteElo "2398"]
[BlackElo "2616"]

1.Nf3 d5 2.g3 Nf6 3.Bg2 c6 4.O-O Bf5 5.d4 e6 6.c4 Nbd7 7.cxd5 cxd5 8.Nc3 Be7
9.Nh4 Bg4 10.f4 Nb6 11.f5 Nfd7 12.fxe6 fxe6 13.Qe1 Bf6 14.e4 O-O 15.Be3 Nc4
16.exd5 Ndb6 17.h3 Bh5 18.Bf2 exd5 19.Qe6+ Kh8 20.b3 Nd2 21.Rfd1 Bxd1 22.Rxd1 Bxh4
23.Rxd2 Qg5 24.Qe1 Rxf2 25.Qxf2 Bxg3 26.Qe2 Bd6 27.Rd3 h6 28.Rf3 Rc8 29.Qe3 Qh5
30.Qf2 Qg6 31.Re3 Bb4 32.Rg3 Qe6 33.Ne2 Re8 34.Bf3 Bd6 35.Rg4 Nd7 36.Qg2 Qe3+
37.Kh1 g5 38.h4 Nf6 39.hxg5 Nxg4 40.Qxg4 Qxg5 41.Qxg5 hxg5 42.Kg2 Kg7 43.Kf2 Kf6
44.Bxd5 b6 45.Nc3 Kf5 46.Bc6 Rh8 47.Be4+ Kf4 48.Bg2 g4 49.a4 Rc8 50.Nd5+ Kg5
51.Be4 Rf8+ 52.Ke2 g3 53.Bf3 Rh8 54.Bg2 Re8+ 55.Kd3 Re1 56.Ne3 Bf4  0-1

[Event "37th Rilton Cup"]
[Site "Stockholm SWE"]
[Date "2007.12.28"]
[Round "2"]
[White "Berczes,C"]
[Black "Madsen,Mi"]
[Result "1-0"]
[WhiteElo "2419"]
[BlackElo "2011"]

1.Nf3 d5 2.g3 c5 3.Bg2 Nc6 4.d4 cxd4 5.Nxd4 e5 6.Nxc6 bxc6 7.c4 Be6 8.Nc3 Nf6
9.Bg5 Rb8 10.cxd5 cxd5 11.Bxf6 gxf6 12.Bxd5 Rxb2 13.Bxe6 fxe6 14.Qxd8+ Kxd8
15.O-O-O+  1-0

[Event "Abierto"]
[Site "Pamplona ESP"]
[Date "2007.12.29"]
[Round "9"]
[White "Strikovic,A"]
[Black "Delgado Crespo,M"]
[Result "1-0"]
[WhiteElo "2551"]
[BlackElo "2285"]

1.Nf3 d5 2.g3 Nf6 3.Bg2 e6 4.O-O Be7 5.d3 O-O 6.Nbd2 b6 7.e4 dxe4 8.dxe4 Bb7
9.Qe2 Nc6 10.e5 Nd7 11.Rd1 Qc8 12.Nb3 Rd8 13.Bf4 Nf8 14.h4 Ng6 15.Bd2 h6
16.h5 Nf8 17.c3 a5 18.a4 Nd7 19.g4 Nc5 20.Nxc5 Bxc5 21.g5 hxg5 22.Bxg5 Be7
23.h6 Rxd1+ 24.Rxd1 Qf8 25.h7+ Kh8 26.Rd7 Re8 27.Rxc7 Nd8 28.Be3 Bc5 29.Bxc5 bxc5
30.Qb5  1-0

[Event "CERRADO GM"]
[Site "Mondariz-Balneario ESP"]
[Date "2007.12.30"]
[Round "5"]
[White "Paunovic,D"]
[Black "Vega Gutierrez,S"]
[Result "1-0"]
[WhiteElo "2535"]
[BlackElo "2331"]

1.Nf3 d5 2.g3 c6 3.Bg2 Bg4 4.O-O Nd7 5.d3 e6 6.Nbd2 Bd6 7.b3 Ngf6 8.Bb2 O-O
9.h3 Bh5 10.e4 e5 11.Qe1 Qe7 12.a3 dxe4 13.dxe4 Bxf3 14.Bxf3 a5 15.Nc4 Bc7
16.a4 Rfe8 17.Qe2 Qe6 18.Kg2 Nb6 19.Ne3 Bd6 20.Rfd1 Bb4 21.h4 h5 22.Rd3 g6
23.g4 hxg4 24.Bxg4 Qe7 25.Qf3 Kg7 26.h5 Nh7 27.Qg3 Bc5 28.hxg6 fxg6 29.Rh1 Ng5
30.Qh2 Qf6 31.f4 Nf7 32.Qg3 Kg8 33.fxe5 Nxe5 34.Bf5 Kg7 35.Ng4  1-0

[Event "CERRADO IM"]
[Site "Mondariz-Balneario ESP"]
[Date "2008.01.03"]
[Round "7"]
[White "Garcia Castro,P"]
[Black "Moreno Gracia,Dan"]
[Result "1/2-1/2"]
[WhiteElo "2386"]
[BlackElo "2234"]

1.Nf3 d5 2.g3 c6 3.Bg2 Bg4 4.b3 Nd7 5.Bb2 Qb8 6.d4 e6 7.c4 Bd6 8.Nbd2 Ngf6
9.O-O O-O 10.Rc1 a5 11.h3 Bh5 12.g4 Bg6 13.Nh4 Be4 14.f3 Bg6 15.e4 e5 16.Nxg6 hxg6
17.f4 exf4 18.e5 Nxe5 19.dxe5 Bxe5 20.Bxe5 Qxe5 21.Qe1 Qd6 22.Qf2 g5 23.cxd5 Nxd5
24.Nc4 Qh6 25.Nb6 f3 26.Nxd5 fxg2 27.Ne7+ Kh8 28.Kxg2 a4 29.Nf5 Qe6 30.Qd4 f6
31.Rce1 Qg8 32.Qc4 axb3 33.Qxg8+ Kxg8 34.axb3 Rf7 35.Ra1 Rd8 36.Rfd1 Rfd7
37.Rxd7 Rxd7 38.Re1 Kf7 39.Re3 Rd2+ 40.Kf3 g6 41.Ng3 Rh2 42.Rd3 Ke7 43.Re3+ Kf7
44.Rd3  1/2-1/2

[Event "37th Rilton Cup"]
[Site "Stockholm SWE"]
[Date "2008.01.03"]
[Round "7"]
[White "Berczes,C"]
[Black "Hansen,LB"]
[Result "1-0"]
[WhiteElo "2419"]
[BlackElo "2572"]

1.Nf3 d5 2.g3 c6 3.Bg2 Bg4 4.h3 Bxf3 5.Bxf3 Nd7 6.d3 e5 7.O-O Bc5 8.c3 Ngf6
9.Nd2 O-O 10.e4 Re8 11.Bg2 Bb6 12.b4 a5 13.Bb2 Nf8 14.a3 axb4 15.axb4 Rxa1
16.Bxa1 dxe4 17.Nxe4 Nxe4 18.Bxe4 Nd7 19.Bg2 Nf6 20.Qe2 h5 21.Kh2 Qd6 22.Rb1 h4
23.c4 Bd4 24.b5 Bxa1 25.Rxa1 cxb5 26.cxb5 Qc5 27.Rb1 hxg3+ 28.fxg3 b6 29.Bc6 Re6
30.Rf1 Rd6 31.Rf5 Re6 32.Qa2 Qd4 33.Qa8+ Kh7 34.Qa3 Qd8 35.Qc3 Qc7 36.Rxf6 Qe7
37.Be4+ g6 38.Rxe6 Qxe6 39.Kg2 Qd6 40.Qc6 Qd4 41.Qf6  1-0

[Event "TCh-ISR"]
[Site "Israel ISR"]
[Date "2008.01.04"]
[Round "2"]
[White "Mayo,O"]
[Black "Zak,Uri1"]
[Result "1/2-1/2"]
[WhiteElo "2197"]
[BlackElo "2323"]

1.Nf3 d5 2.g3 Bg4 3.Bg2 Nd7 4.c4 e6 5.d4 c6 6.Qb3 Qb6 7.Nbd2 Qxb3 8.axb3 Bb4
9.O-O Ngf6 10.Rd1 O-O 11.Nf1 Bf5 12.Bd2 a5 13.Ne3 Be4 14.Ne1 Bxd2 15.Rxd2 Ra6
16.Ra3 Rfa8 17.Bxe4 dxe4 18.N1c2 c5 19.dxc5 Nxc5 20.Nd4 Rd8 21.Nf3 Rd7 22.Rxd7 Nfxd7
23.Nd4 Rd6 24.Ndc2 b6 25.Kf1 f5 26.Ke1 g6 27.b4 Nb7 28.bxa5 bxa5 29.Rb3 Nbc5
30.Rb5 a4 31.Nd1 Rb6 32.Na3 Kf7 33.Rxb6 Nxb6 34.Kd2 Ke7 35.Kc3 Kd6 36.Kb4 Kc6
37.Nc3 g5 38.Nc2 e5 39.Ne3 f4 40.Ned5 f3 41.exf3 Nd3+ 42.Ka5 Nxc4+ 43.Kxa4 exf3
44.Kb3 Ncxb2 45.Ne3 h5 46.Ne4 g4 47.Nf6 Kb5 48.Nxh5 Na4 49.Nf6 Nxf2 50.Nfxg4 Nxg4
51.Nxg4 Nb6 52.Kc3 Nc4 53.Kd3 Kc5 54.h4 Kd5 55.Nf6+ Ke6 56.Ne4 Nd6  1/2-1/2

[Event "CERRADO IM"]
[Site "Mondariz-Balneario ESP"]
[Date "2008.01.05"]
[Round "9"]
[White "Garcia Castro,P"]
[Black "Vega Gutierrez,B"]
[Result "1/2-1/2"]
[WhiteElo "2386"]
[BlackElo "2085"]

1.Nf3 d5 2.g3 c5 3.Bg2 Nc6 4.d3 e5 5.O-O Bd6 6.c3 Nge7 7.a3 f6 8.b4 Be6 9.Nbd2 O-O
10.e4 d4 11.bxc5 Bxc5 12.Nb3 Bb6 13.cxd4 Nxd4 14.Nbxd4 Bxd4 15.Nxd4 Qxd4
16.Be3 Qd7 17.d4 exd4 18.Qxd4 Qxd4 19.Bxd4 Rfd8 20.Be3 Nc6 21.Rab1 Rd7 22.Rfc1 Rad8
23.Bf1 Kf7 24.h4 f5 25.Bg2 h6 26.Kh2 Re8 27.h5 Kg8 28.Rb5 a6 29.Rbc5 fxe4
30.Bxe4 Ne7 31.Rc7 Rxc7 32.Rxc7 Nd5 33.Rxb7 Nxe3 34.fxe3 Bc8 35.Bd5+ Be6
36.Be4 Bc8 37.Bg6 Bxb7 38.Bxe8 Kf8 39.Ba4 Bf3 40.Kh3  1/2-1/2

[Event "37th Rilton Cup"]
[Site "Stockholm SWE"]
[Date "2008.01.05"]
[Round "9"]
[White "Berczes,C"]
[Black "Fontaine,R"]
[Result "0-1"]
[WhiteElo "2419"]
[BlackElo "2562"]

1.Nf3 d5 2.g3 c6 3.Bg2 Bg4 4.h3 Bxf3 5.Bxf3 e5 6.d3 f5 7.e4 dxe4 8.dxe4 Qxd1+
9.Kxd1 fxe4 10.Bxe4 Nf6 11.Bg2 Bc5 12.Ke2 O-O 13.Rf1 Na6 14.c3 e4 15.Nd2 e3
16.fxe3 Rae8 17.Rf3 Nc7 18.Nb3 Bd6 19.Bd2 Nh5 20.Be1 Rxf3 21.Bxf3 Nxg3+ 22.Bxg3 Bxg3
23.Rd1 Re7 24.Nc5 b6 25.Ne4 Bh4 26.Rd8+ Kf7 27.Rd4 Kf8 28.Nd6 Bg5 29.Re4 Rd7
30.Nc4 Bf6 31.Ne5 Bxe5 32.Rxe5 Rd6 33.Re4 c5 34.Ra4 a5 35.Rh4 h6 36.Rf4+ Ke7
37.h4 g6 38.Re4+ Re6 39.Rg4 Ne8 40.Rg2 Nd6 41.Bd5 Re5 42.c4 Kf6 43.Rg4 h5
44.Rf4+ Rf5 45.Kf3 Ke5 46.Kg3 Rxf4 47.exf4+ Kd4 48.Bg8 Ke3 49.Kh3 Kxf4 50.Bh7 g5  0-1

[Event "XXXIII Open"]
[Site "Sevilla ESP"]
[Date "2008.01.07"]
[Round "3"]
[White "Movsziszian,K"]
[Black "Lanzani,M"]
[Result "1-0"]
[WhiteElo "2527"]
[BlackElo "2349"]

1.Nf3 d5 2.g3 c5 3.Bg2 Nc6 4.O-O e5 5.d3 Nge7 6.c4 d4 7.e3 Ng6 8.exd4 cxd4
9.a3 a5 10.Nbd2 Be7 11.Qc2 O-O 12.h4 f5 13.Re1 e4 14.dxe4 d3 15.Qb3 f4 16.c5+ Kh8
17.Qc3 Bg4 18.Rb1 fxg3 19.fxg3 Bxf3 20.Nxf3 Rxf3 21.Bxf3 Bf6 22.Qd2 Nge5
23.Re3 Qd4 24.Kg2 Rd8 25.b3 Qxc5 26.Bb2 a4 27.Rc1 Qb5 28.bxa4 Qxa4 29.Bd1 Qb5
30.a4 Qb6 31.Re1 h6 32.Rf1 Kh7 33.Kh3 Rd6 34.Ba3 Rd7 35.Bc5 Qd8 36.Bb3 Nd4
37.Bxd4 Rxd4 38.Qf4 d2 39.Rcd1 Qd7+ 40.Kg2 Ng4 41.Rf3 Ne5 42.Rff1 Ng4 43.Bd5 Be5
44.Qf3 Nf6 45.Rf2 Nxd5 46.exd5 Rxd5 47.Qe4+ Kg8 48.Qc4 Kh8 49.Rf8+ Kh7 50.Qe4+ g6
51.h5 Kg7 52.Rdf1  1-0

[Event "Masters"]
[Site "Liege BEL"]
[Date "2008.01.08"]
[Round "5"]
[White "Foisor,O"]
[Black "Soors,S"]
[Result "1-0"]
[WhiteElo "2401"]
[BlackElo "2146"]

1.Nf3 d5 2.g3 Nf6 3.Bg2 e6 4.O-O Be7 5.d4 b5 6.b3 O-O 7.c4 c6 8.Nbd2 a5 9.c5 Nbd7
10.Qc2 Qc7 11.e4 dxe4 12.Nxe4 Nd5 13.a3 Bb7 14.Bb2 Rad8 15.Rfe1 Bc8 16.Rad1 N7f6
17.Ned2 Ne8 18.Ne5 g6 19.Ndf3 Ng7 20.Bc1 Bd7 21.Bh6 Be8 22.Nd3 Qc8 23.Qd2 Qa8
24.Qc2 Qc8 25.Re2 b4 26.axb4 axb4 27.Bd2 Qb7 28.Qc4 Rb8 29.Ra1 f6 30.Ra4 Bf7
31.Nxb4 e5 32.Qc2 Qb5 33.Bf1 exd4 34.Rxe7 Qxa4 35.bxa4 Nxe7 36.Nxd4 Rbc8
37.Bg2 Ngf5 38.Ndxc6 Nxc6 39.Nxc6 Rfe8 40.h4 Rxc6 41.Bxc6 Nd4 42.Bxe8 Nxc2
43.Bxf7+ Kxf7 44.a5 Nd4 45.a6 Nc6 46.Ba5  1-0

[Event "XXXIII Open"]
[Site "Sevilla ESP"]
[Date "2008.01.09"]
[Round "6"]
[White "Movsziszian,K"]
[Black "Burmakin,V"]
[Result "1-0"]
[WhiteElo "2527"]
[BlackElo "2611"]

1.Nf3 d5 2.g3 c6 3.Bg2 Nf6 4.O-O Bf5 5.d3 h6 6.Nc3 e6 7.Nd2 d4 8.Nce4 Be7
9.c3 Bxe4 10.Nxe4 Nxe4 11.Bxe4 Na6 12.Qa4 O-O 13.cxd4 Qd7 14.Bd2 Nc7 15.e3 a5
16.Rac1 Nd5 17.a3 Rad8 18.f4 Rfe8 19.Rf2 Bd6 20.f5 Bc7 21.f6  1-0

[Event "ASEAN Masters Circuit GMA"]
[Site "Tarakan INA"]
[Date "2008.01.09"]
[Round "2"]
[White "Zhang Zhong"]
[Black "Tirto"]
[Result "1/2-1/2"]
[WhiteElo "2617"]
[BlackElo "2413"]

1.Nf3 d5 2.g3 Nf6 3.Bg2 g6 4.O-O Bg7 5.d3 c5 6.Nbd2 Nc6 7.e4 e5 8.c3 O-O
9.Qc2 h6 10.a3 a5 11.exd5 Nxd5 12.a4 Be6 13.Re1 Qc7 14.Nc4 Rfe8 15.Bd2 Rad8
16.Rad1 Bf5 17.Bc1 Nb6 18.Ne3 Be6 19.Nd2 Nd5 20.Nec4 Bg4 21.Nf3 Nb6 22.Qb3 Nxc4
23.Qxc4 Qd7 24.Rd2 b6 25.Ng5 Rc8 26.Nf3 Be6 27.Qb5 Qc7 28.Rde2 Na7 29.Qa6 Nc6
30.Qb5 Na7 31.Qa6 Nc6  1/2-1/2

[Event "Petrovskaya Ladya GM"]
[Site "Peterhof RUS"]
[Date "2008.01.10"]
[Round "11"]
[White "Matlakov,M"]
[Black "Shimanov,A"]
[Result "1/2-1/2"]
[WhiteElo "2441"]
[BlackElo "2441"]

1.Nf3 d5 2.g3 Bg4 3.Bg2 Nd7 4.O-O c6 5.c4 e6 6.d3 Ngf6 7.Be3 Bxf3 8.Bxf3 Be7
9.Qb3 Qc7 10.Nc3 dxc4 11.dxc4 O-O 12.Rad1 Rfd8 13.Bg2 e5 14.Qc2 Bc5 15.Bc1 Nf8
16.Na4 Be7 17.Bh3 Qa5 18.a3 b5 19.cxb5 cxb5 20.Nc3 b4 21.axb4 Qxb4 22.Bg5 Rab8
23.Bxf6 Bxf6 24.Nd5 Qb5 25.Qc7 Re8 26.Rd2 Qb7 27.Qc4 Be7 28.Rfd1 Bb4 29.Rd3 Ba5
30.b3 Qb5 31.Qe4 Qc5 32.Ne3 Rb4 33.Nc4 Bb6 34.Rf3 a5 35.Qf5 f6 36.Rfd3 e4
37.Rd5 Qe7 38.Nd6 g6 39.Qf4 e3  1/2-1/2

[Event "XXXIII Open"]
[Site "Sevilla ESP"]
[Date "2008.01.12"]
[Round "9"]
[White "Movsziszian,K"]
[Black "Khamrakulov,I"]
[Result "1/2-1/2"]
[WhiteElo "2527"]
[BlackElo "2589"]

1.Nf3 d5 2.g3 g6 3.Bg2 Bg7 4.O-O e5 5.d3 Ne7 6.e4 O-O 7.c3 a5 8.a4 Nbc6 9.Na3 h6
10.Nb5 Be6 11.Be3 b6 12.d4 exd4  1/2-1/2

[Event "Paul Keres Mem GMA"]
[Site "Tallinn EST"]
[Date "2008.01.12"]
[Round "9"]
[White "Seeman,T"]
[Black "Gavrilov,Al1"]
[Result "0-1"]
[WhiteElo "2420"]
[BlackElo "2491"]

1.Nf3 d5 2.g3 c6 3.Bg2 Bg4 4.b3 Nd7 5.Bb2 e6 6.O-O Ngf6 7.d3 Bd6 8.Nbd2 O-O
9.a3 a5 10.h3 Bh5 11.Qe1 e5 12.e4 Re8 13.Nh4 Qc7 14.Bf3 Bxf3 15.Nhxf3 b5
16.Qe2 Qb7 17.Nh2 a4 18.Ng4 c5 19.exd5 Qxd5 20.c4 Qc6 21.cxb5 Qxb5 22.Nc4 Ra6
23.bxa4 Qxa4 24.Rfe1 h5 25.Nxf6+ Nxf6 26.Qf3 e4 27.Qd1 Be7 28.Rc1 Qd7 29.dxe4 Qxh3
30.Qf3 Re6 31.e5 Nh7 32.Ne3 Rb8 33.Bc3 Ra6 34.Rb1 Re8 35.Nf5 Ng5 36.Nxe7+ Rxe7
37.Rb8+ Kh7 38.Qd3+ Rg6 39.e6 Rxe6 40.Rxe6 Nxe6 41.Qf3 Ng5 42.Qe2 Re6 43.Qd3+ Re4
44.Bd2 Qf5 45.Kg2 c4 46.Qc3 Re2  0-1